| 000 | 00780nam a22001937a 4500 | ||
|---|---|---|---|
| 008 | 170815b xxu||||| |||| 00| 0 eng d | ||
| 082 |
_22016 _aUT 0837 _bB86 |
||
| 100 |
_922044 _aBueno, Michelle A. |
||
| 245 |
_aCoffeature Bazaar/ _cMichelle A. Bueno, Sigrid F. Cossid, Kathlene Mae B. Geloca, Mikee S. Genetializa, Mary Elienne V. Judilla and Cris Jones I. Leron. |
||
| 260 |
_aDigos City: _bUMDC _cOctober 2016. |
||
| 300 |
_a50 pages; _c29 cm. |
||
| 650 | 0 |
_922045 _aBusiness Administration _vFinancial Management _xUndergraduate thesis. |
|
| 700 |
_922046 _aCossid, Sigrid F. |
||
| 700 |
_922047 _aGeloca, Kathlene Mae B. |
||
| 700 |
_922048 _aGenetializa, Mikee S. |
||
| 700 |
_922049 _aJudilla, Mary Elienne V. |
||
| 700 |
_922050 _aLeron, Cris Jones I. |
||
| 942 |
_2ddc _cUT |
||
| 999 |
_c7276 _d7276 |
||